Normal view
MARC view
Entry Personal Name
001 - CONTROL NUMBER
- control field: 8162
003 - CONTROL NUMBER IDENTIFIER
- control field: OSt
005 - DATE AND TIME OF LATEST TRANSACTION
- control field: 20160420185730.0
008 - FIXED-LENGTH DATA ELEMENTS
- fixed length control field: 160420|| aca||aabn | a|a d
040 ## - CATALOGING SOURCE
- Original cataloging agency: OSt
- Transcribing agency: OSt
100 ## - HEADING--PERSONAL NAME
- Personal name: Squires, G. L.
- Fuller form of name: (Gordon Leslie)
670 ## - SOURCE DATA FOUND
- Source citation: Work cat.: (OSt)3674: Squires, G. L. (Gordon Leslie), Practical physics /, 1985.
